Trio à Violinis Duobus et Basso /

Hlavní autor: Neruda, Jan Křtitel Jiří, asi 1707-1780
Jazyk: Nelze použít, není lingvistický obsah
Vydáno: [1780?]
Témata:
Externí odkaz: Zobrazení hudebního incipitu
Zobrazení hudebního incipitu
Zobrazení hudebního incipitu
Fyzický popis: 3 hlasy
Mikrodokument
Uloženo v:
LEADER 02210ndm a2200481 i 4500
001 000830746
003 CZ BrMZK
005 20181102153453.0
007 qu
008 061024s1780 xr tszefa zxx d
031 |a 01  |b 01  |c 01  |d Andante  |m vl 1  |g G-2  |o 2/4  |p ''8C/{GG}{'''C3C''BAG}/{6.A3G}4Gt8A/{6.A3G}4tG8A/  |r C  |2 pe 
031 |a 01  |b 02  |c 01  |d Allegro  |m vl 1  |g G-2  |o c  |p {''6CDEF}{8G'''C}qC2''B/{8'''C''GGG}{AG}-G/  |r C  |2 pe 
031 |a 01  |b 03  |c 01  |d Tempo di Menuet  |m vl 1  |g G-2  |o 3/8  |p {''8GGF}/{6EF}4G/{6AF}{8ED}/4C8D/  |r C  |2 pe 
040 |a BOA001  |b cze  |c BOA001  |d BOA001  |e rda 
072 7 |a 787  |x Hudba pro strunné a smyčcové nástroje  |2 Konspekt  |9 9 
080 |a (0.035.22)78  |2 MRF 
080 |a (0.032)78  |2 MRF 
100 1 |a Neruda, Jan Křtitel Jiří,  |d asi 1707-1780  |7 jn20020322001  |4 cmp 
240 1 0 |a Tria,  |m housle (2), continuo,  |r C dur 
245 1 0 |a Trio à Violinis Duobus et Basso /  |c Del Sig. Neruda 
264 1 |c [1780?] 
300 |a 3 hlasy 
336 |a zápis hudby  |b ntm  |2 rdacontent 
337 |a bez média  |b n  |2 rdamedia 
338 |a list  |b nb  |2 rdacarrier 
340 |d Rukopis 
382 0 |p housle  |n 2  |a continuo  |e r  |r 1  |t 1 
384 0 |a C dur 
533 |a Mikrofilm.  |d [1945?].  |e 1 mikrofilmový svitek (11 políček) ; 35 mm.  |5 CZ-Bu 
561 1 |a Provenience: Doksy, zámecká knihovna Valdštejnů, N. 3  |5 CZ-Bu 
561 1 |a Provenience: Praha, archiv dr. Antonína Němce, M. 120  |5 CZ-Bu 
588 |a Popsáno podle mikrofilmu 
655 7 |a hlasy  |7 fd186703  |2 czenas 
655 7 |a hudební mikrofilmy  |7 fd118676  |2 czenas 
655 7 |a hudební rukopisy  |7 fd278469  |2 czenas 
787 0 8 |i Rukopis :  |t Trio a Violini Duobus et Basso  |g RKPMus-0691.717 
856 4 1 |u http://audioserver.mzk.cz/incipity/png/000830746-010101.png  |y Zobrazení hudebního incipitu 
856 4 1 |u http://audioserver.mzk.cz/incipity/png/000830746-010201.png  |y Zobrazení hudebního incipitu 
856 4 1 |u http://audioserver.mzk.cz/incipity/png/000830746-010301.png  |y Zobrazení hudebního incipitu 
910 |a BOA001  |b Skř.17-0525.573 
990 |a MU 
991 |b 200610 
996 6 |b 2619630375  |c Skř.17-0525.573  |l Stud. starých tisků/4.patro  |r Sklad / do násl. otevíracího dne  |n 1  |w 000830746  |u 000010  |a 1  |e BOA001  |j MZK50  |s P